[Event "Saint Louis Rapid"]
[Site "Saint Louis, MO USA"]
[Date "2024.08.14"]
[Round "9.3"]
[White "Alireza Firouzja"]
[Black "Levon Aronian"]
[Result "1/2-1/2"]
[EventDate "2024.08.12"]
[WhiteElo "2751"]
[BlackElo "2729"]
[PlyCount "82"]

1. e4 e6 2. d4 d5 3. Nc3 Bb4 4. e5 c5 5. a3 Ba5 6. Qg4 Ne7 7. b4 cxb4 8. Nb5 b3+ 9. Bd2 Bxd2+ 10. Kxd2 Nf5 11. Bd3 h5 12. Qf4 g5 13. Qf3 Bd7 14. Ne2 bxc2 15. Nbc3 Nh4 16. Qg3 Nc6 17. f4 Rg8 18. Nb5 Na5 19. Nd6+ Kf8 20. Raf1 Nf5 21. Bxf5 exf5 22. Qc3 Rg6 23. Qb4 Kg8 24. Nxb7 Nxb7 25. Qxb7 Rc6 26. Rc1 Rb8 27. Qxa7 Rc4 28. Rxc2 Ra8 29. Qb7 Rb8 30. Qa7 Bc6 31. Rxc4 dxc4 32. Rc1 Rb2+ 33. Rc2 Rxc2+ 34. Kxc2 Qd5 35. Qe7 Qe4+ 36. Kd2 g4 37. Qg5+ Kf8 38. Qd8+ Kg7 39. Qg5+ Kf8 40. Qd8+ Kg7 41. Qg5+ Kf8 1/2-1/2

[Event "Saint Louis Rapid"]
[Site "Saint Louis, MO USA"]
[Date "2024.08.14"]
[Round "7.5"]
[White "Fabiano Caruana"]
[Black "Alireza Firouzja"]
[Result "1/2-1/2"]
[EventDate "2024.08.12"]
[WhiteElo "2793"]
[BlackElo "2751"]
[PlyCount "132"]

1. e4 e5 2. Nf3 Nc6 3. Bb5 Nf6 4. O-O Nxe4 5. Re1 Nd6 6. a4 Be7 7. Nc3 a6 8. Bf1 e4 9. Nxe4 Nxe4 10. Rxe4 d5 11. Re1 Bg4 12. h3 Bh5 13. Be2 O-O 14. d4 Bd6 15. Ne5 Bxe2 16. Rxe2 Re8 17. Nxc6 bxc6 18. Rxe8+ Qxe8 19. Be3 Qe4 20. Qd2 Re8 21. Re1 Re6 22. Qc3 c5 23. Kf1 c4 24. Bd2 Qf5 25. b3 cxb3 26. Qxb3 h5 27. Rxe6 fxe6 28. Be3 Kf7 29. Qc3 e5 30. Qc6 exd4 31. Bxd4 Qe4 32. Be3 g6 33. Bd2 Qd4 34. Be1 Qc4+ 35. Qxc4 dxc4 36. Ke2 Ke6 37. g4 hxg4 38. hxg4 Kd5 39. Bd2 Bc5 40. Be3 Bd6 41. Bg5 Bc5 42. Bf4 c6 43. Bd2 Ke4 44. f3+ Kd5 45. Bc3 Bb6 46. f4 Ke4 47. f5 gxf5 48. g5 Kd5 49. g6 Ke6 50. Kf3 Bc7 51. Ke3 Bd6 52. Bg7 f4+ 53. Ke4 f3 54. Bd4 f2 55. Bxf2 Kf6 56. Kd4 Kxg6 57. Kxc4 Kf6 58. Bc5 Bc7 59. Bd4+ Ke6 60. Kc5 Kd7 61. Bc3 Bd8 62. Be5 Ba5 63. Bf4 Bd8 64. Be5 Ba5 65. Bf4 Bd8 66. Be5 1/2-1/2

[Event "Saint Louis Rapid"]
[Site "Saint Louis, MO USA"]
[Date "2024.08.13"]
[Round "5"]
[White "Vachier Lagrave, Maxime"]
[Black "Alireza Firouzja"]
[Result "1/2-1/2"]
[EventDate "2024.08.12"]
[WhiteElo "2721"]
[BlackElo "2751"]
[PlyCount "48"]

1. e4 c6 2. Nf3 d5 3. Nc3 dxe4 4. Nxe4 Nf6 5. Qe2 Bf5 6. d3 e6 7. g3 Nbd7 8. Bg2 Be7 9. O-O O-O 10. a4 a5 11. b3 h6 12. Bb2 Qc7 13. Ned2 Nd5 14. Nc4 Bf6 15. Nfe5 Nxe5 16. Nxe5 Rad8 17. h3 Bh7 18. Kh2 Rfe8 19. f4 Nb4 20. Bc3 Nd5 21. Bb2 Nb4 22. Bc3 Nd5 23. Bd2 Nb4 24. Bc3 Nd5 1/2-1/2

[Event "Saint Louis Rapid"]
[Site "Saint Louis, MO USA"]
[Date "2024.08.12"]
[Round "1"]
[White "Ian Nepomniachtchi"]
[Black "Alireza Firouzja"]
[Result "1-0"]
[EventDate "2024.08.12"]
[WhiteElo "2767"]
[BlackElo "2751"]
[PlyCount "162"]

1. c4 e5 2. Nc3 Nf6 3. Nf3 Nc6 4. g3 d5 5. cxd5 Nxd5 6. Bg2 Bc5 7. Na4 Be7 8. O-O e4 9. Ne1 Bf5 10. Nc3 Nxc3 11. bxc3 Qd7 12. Rb1 Bc5 13. d4 Bb6 14. Nc2 O-O 15. Ne3 Bg6 16. a4 f5 17. Bh3 Rf6 18. Rb5 a6 19. Rd5 Qf7 20. Ba3 Re8 21. c4 h6 22. Qd2 Kh7 23. a5 Ba7 24. Qb2 Nd8 25. Rd1 c6 26. Re5 Ne6 27. Bg2 Bb8 28. Rb1 Qd7 29. Qxb7 Qxd4 30. Bb2 Qa7 31. Qb6 Qa8 32. Rd1 Bc7 33. Qb4 Qb8 34. Qc3 Bxe5 35. Qxe5 Qxe5 36. Bxe5 Rf7 37. Rd6 Nf8 38. Bc3 Re6 39. Rd8 Nd7 40. h4 Nc5 41. Bh3 h5 42. Bb4 Nb3 43. Bc3 Nc5 44. Rc8 Nb7 45. Ra8 c5 46. Nd5 Rc6 47. e3 Nd6 48. Bf1 Rb7 49. Nb6 Bf7 50. Be5 Rcxb6 51. axb6 Rxb6 52. Bxd6 Rxd6 53. Rc8 Kg6 54. Rxc5 Rd1 55. Kg2 Rc1 56. Be2 a5 57. Rxa5 Rc2 58. Ra6+ Kh7 59. Ra7 Kg8 60. Bd1 Rc1 61. Bb3 g6 62. Rc7 Kf8 63. g4 hxg4 64. Kg3 Be8 65. c5 Rc3 66. Be6 Rc2 67. Bb3 Rc3 68. Bd5 Rc2 69. Be6 Bb5 70. Kf4 Rxf2+ 71. Ke5 f4 72. Rf7+ Ke8 73. Rxf4 g3 74. Rg4 g2 75. Rxg6 Ke7 76. h5 Be8 77. Rg7+ Kf8 78. h6 Rc2 79. Rg8+ Ke7 80. h7 Rxc5+ 81. Bd5 1-0

[Event "Saint Louis Rapid"]
[Site "Saint Louis, MO USA"]
[Date "2024.08.12"]
[Round "2"]
[White "Alireza Firouzja"]
[Black "Wesley So"]
[Result "1-0"]
[EventDate "2024.08.12"]
[WhiteElo "2751"]
[BlackElo "2751"]
[PlyCount "64"]

1. e4 e5 2. Bc4 Nf6 3. d3 Bc5 4. Nf3 d6 5. c3 O-O 6. O-O Nc6 7. Bg5 h6 8. Bh4 a6 9. b4 Ba7 10. Nbd2 Qe7 11. a4 Be6 12. Bd5 g5 13. Nxg5 Nxd5 14. Nxe6 Qxh4 15. exd5 fxe6 16. g3 Qh3 17. dxc6 Rf5 18. Kh1 bxc6 19. Qe2 Raf8 20. f3 Rg5 21. Ne4 Rg6 22. d4 d5 23. Nf2 Qf5 24. Ng4 exd4 25. Ne5 d3 26. Qxd3 Qxd3 27. Nxd3 c5 28. bxc5 e5 29. Nxe5 Re6 30. f4 c6 31. Rab1 Rfe8 32. Nd7 1-0

[Event "Saint Louis Rapid"]
[Site "Saint Louis, MO USA"]
[Date "2024.08.12"]
[Round "3"]
[White "Dominguez Perez, Lenier"]
[Black "Alireza Firouzja"]
[Result "1/2-1/2"]
[EventDate "2024.08.12"]
[WhiteElo "2748"]
[BlackElo "2751"]
[PlyCount "114"]

1. e4 c6 2. d4 d5 3. Nc3 dxe4 4. Nxe4 Bf5 5. Ng3 Bg6 6. h4 h6 7. Nf3 Nd7 8. h5 Bh7 9. Bd3 Bxd3 10. Qxd3 e6 11. Bd2 Ngf6 12. O-O-O Be7 13. Ne4 Nxe4 14. Qxe4 Nf6 15. Qe2 Qd5 16. Kb1 Qb5 17. c4 Qf5+ 18. Ka1 Qe4 19. Be3 Ng4 20. Nd2 Qf5 21. Nf1 Bd6 22. Bd2 O-O-O 23. f3 Nf6 24. Ne3 Qg5 25. Nd5 Qf5 26. g4 Qc2 27. Rc1 Qa4 28. Nxf6 gxf6 29. Be3 Kb8 30. Rhd1 Qa5 31. Rd3 f5 32. Bd2 Qc7 33. gxf5 exf5 34. d5 c5 35. a3 f4 36. Bc3 Rde8 37. Qc2 Rhg8 38. Rdd1 Rg5 39. Qh7 Rxh5 40. Rh1 Rg5 41. Rxh6 a6 42. Rf6 Re3 43. Rxf7 Qb6 44. Rf6 Rg2 45. Rc2 Rxc3 46. Rxg2 Qb3 47. bxc3 Qxa3+ 48. Kb1 Qb3+ 49. Ka1 Qa3+ 50. Kb1 Qb3+ 51. Kc1 Qxc3+ 52. Qc2 Qe1+ 53. Qd1 Qc3+ 54. Qc2 Qe1+ 55. Qd1 Qc3+ 56. Qc2 Qe1+ 57. Qd1 Qc3+ 1/2-1/2

[Event "Superbet Romania Chess Classic TB"]
[Site "Bucharest ROU"]
[Date "2024.07.05"]
[Round "2.2"]
[White "Fabiano Caruana"]
[Black "Alireza Firouzja"]
[Result "1-0"]
[EventDate "2024.07.05"]
[WhiteElo "2805"]
[BlackElo "2737"]
[PlyCount "156"]

1. c4 e5 2. d3 Bb4+ 3. Nd2 c5 4. Nf3 Nc6 5. g3 d6 6. Bg2 Nge7 7. O-O Ba5 8. b3 O-O 9. Bb2 h6 10. e3 Be6 11. d4 exd4 12. exd4 cxd4 13. Nxd4 Nxd4 14. Bxd4 d5 15. cxd5 Bxd5 16. Ne4 Nc6 17. Bf6 gxf6 18. Qxd5 Qe7 19. Rac1 Rad8 20. Qf5 Kg7 21. Rxc6 bxc6 22. Qxa5 Rd5 23. Qc3 Rfd8 24. g4 Qe5 25. Qxe5 fxe5 26. Bf3 Ra5 27. Rc1 Rxa2 28. Rxc6 Rb2 29. Kg2 Rxb3 30. Ng3 Rb6 31. Rc7 a6 32. Nf5+ Kf8 33. Ra7 Rf6 34. Be4 Rg6 35. Kf3 Rb6 36. h4 Ke8 37. h5 Rd7 38. Ra8+ Rd8 39. Rxd8+ Kxd8 40. g5 Kd7 41. Nxh6 Ke6 42. Bf5+ Ke7 43. Ng4 a5 44. h6 a4 45. h7 Rb8 46. Nf6 Rh8 47. Bb1 a3 48. Ke4 Kf8 49. Kxe5 Kg7 50. Nh5+ Kf8 51. Nf6 Kg7 52. Ba2 Rb8 53. f4 Rc8 54. Kd4 Rc2 55. Bxf7 a2 56. Bxa2 Rxa2 57. Ke4 Ra4+ 58. Kf5 Ra5+ 59. Kg4 Ra6 60. Kh5 Rc6 61. f5 Ra6 62. Kg4 Rc6 63. Kf4 Ra6 64. Ke5 Ra5+ 65. Ke6 Ra6+ 66. Ke7 Ra7+ 67. Ke6 Ra6+ 68. Ke5 Ra5+ 69. Kf4 Ra4+ 70. Kg3 Ra6 71. Kg4 Rc6 72. Kh5 Ra6 73. Nd7 Kxh7 74. f6 Ra5 75. f7 Rf5 76. f8=Q Rxg5+ 77. Kh4 Rh5+ 78. Kg4 1-0

[Event "12th Norway Chess"]
[Site "Stavanger NOR"]
[Date "2024.05.27"]
[Round "1.2"]
[White "R Praggnanandhaa"]
[Black "Alireza Firouzja"]
[Result "1-0"]
[EventDate "2024.05.27"]
[WhiteElo "2747"]
[BlackElo "2737"]
[PlyCount "76"]

1. d4 d5 2. Nf3 Nf6 3. c3 c6 4. Qc2 Ne4 5. g3 h6 6. c4 Bf5 7. Qb3 Qb6 8. c5 Qxb3 9. axb3 Na6 10. Bd2 Nxd2 11. Kxd2 Nc7 12. Nc3 g5 13. e3 Bg7 14. b4 a6 15. Bd3 Bg4 16. Ne5 Bxe5 17. dxe5 O-O-O 18. Ne2 Bxe2 19. Kxe2 f6 20. exf6 exf6 21. h4 Kb8 22. hxg5 hxg5 23. Kf3 Ne6 24. Kg4 Ng7 25. Rad1 Rdf8 26. Bf5 Re8 27. Bg6 Ref8 28. Rxh8 Rxh8 29. e4 Rd8 30. Rd3 Kc7 31. Rf3 d4 32. Rxf6 d3 33. Rf7+ Kb8 34. e5 Ne6 35. Kf5 Nd4+ 36. Kf6 d2 37. Bh5 Rh8 38. Bg4 Rh2 1-0

[Event "Chessable Masters Div 1 W"]
[Site "chess.com INT"]
[Date "2024.02.07"]
[Round "4.1"]
[White "Magnus Carlsen"]
[Black "Alireza Firouzja"]
[Result "0-1"]
[EventDate "2024.02.02"]
[WhiteElo "2830"]
[BlackElo "2760"]
[PlyCount "84"]

1. g3 d5 2. Nf3 g6 3. Bg2 Bg7 4. d4 Nf6 5. c4 c6 6. O-O O-O 7. Nc3 dxc4 8. e4 b5 9. Qe2 a5 10. Rd1 Nbd7 11. d5 cxd5 12. e5 b4 13. exf6 Nxf6 14. Nb5 Bd7 15. a4 Bxb5 16. axb5 e6 17. Nd4 a4 18. Nc6 Qb6 19. Nxb4 Qxb5 20. Bd2 Nd7 21. Bc3 Nc5 22. h4 Nb3 23. Bxg7 Kxg7 24. Qe5+ f6 25. Qxe6 Qxb4 26. Rxd5 Ra7 27. Rad1 Re7 28. Rd7 Rff7 29. Rxe7 Rxe7 30. Rd7 Rxd7 31. Qxd7+ Kh6 32. Bd5 Qe1+ 33. Kg2 Nd2 34. Qa7 Qe5 35. Qc5 Kg7 36. Qa5 a3 37. bxa3 c3 38. Qa7+ Kh6 39. Qc5 c2 40. Qf8+ Kh5 41. Qf7 h6 42. Qd7 0-1

[Event "Chessable Masters Div 1 W"]
[Site "chess.com INT"]
[Date "2024.02.07"]
[Round "4.2"]
[White "Alireza Firouzja"]
[Black "Magnus Carlsen"]
[Result "1-0"]
[EventDate "2024.02.02"]
[WhiteElo "2760"]
[BlackElo "2830"]
[PlyCount "98"]

1. e4 c6 2. d4 d5 3. e5 Bf5 4. Nf3 e6 5. Be2 a5 6. a4 Nd7 7. O-O f6 8. Bf4 Ne7 9. exf6 Nxf6 10. Bd3 Ng6 11. Bg3 Bd6 12. Re1 O-O 13. Nbd2 Bxg3 14. hxg3 Ng4 15. Nb3 b6 16. Qe2 Qf6 17. Bxf5 exf5 18. Qe6+ Qxe6 19. Rxe6 Rf6 20. Rae1 Rxe6 21. Rxe6 Rc8 22. Nc1 f4 23. Nd3 fxg3 24. fxg3 Nf6 25. Nde5 Nxe5 26. Nxe5 c5 27. Rxb6 cxd4 28. Nc6 Kf7 29. Rb7+ Ke8 30. Nxd4 Rc4 31. c3 Rxa4 32. Rxg7 Ra1+ 33. Kf2 Rb1 34. Rb7 Ne4+ 35. Ke3 Nxc3 36. Kf4 Na4 37. b3 Re1 38. Kf5 Nc3 39. Rxh7 Rg1 40. Ke6 Kf8 41. Nf5 Re1+ 42. Kf6 Ne4+ 43. Kg6 Ke8 44. Re7+ Kd8 45. Re5 Rd1 46. g4 Kd7 47. Ne3 Rb1 48. Nxd5 Nc5 49. Nc3 1-0

[Event "Chessable Masters Div 1 W"]
[Site "chess.com INT"]
[Date "2024.02.07"]
[Round "4.3"]
[White "Magnus Carlsen"]
[Black "Alireza Firouzja"]
[Result "1-0"]
[EventDate "2024.02.02"]
[WhiteElo "2830"]
[BlackElo "2760"]
[PlyCount "102"]

1. d4 Nf6 2. Bf4 d5 3. e3 c5 4. c3 Nc6 5. Nd2 e6 6. Bd3 Bd6 7. Bxd6 Qxd6 8. f4 cxd4 9. cxd4 O-O 10. Ngf3 b6 11. a3 a5 12. Qe2 Bb7 13. O-O Ne7 14. Rac1 Rac8 15. g4 Ne4 16. Ng5 Nxg5 17. fxg5 Rxc1 18. Rxc1 Nc6 19. Ba6 Bxa6 20. Qxa6 Ne7 21. Nf3 Ng6 22. Qb7 e5 23. Rc6 Qd8 24. dxe5 d4 25. Rd6 Qe8 26. Qxb6 Nxe5 27. Nxe5 Qxe5 28. Qxd4 Qxg5 29. Kg2 Qb5 30. Kf2 f5 31. g5 f4 32. Qd5+ Qxd5 33. Rxd5 fxe3+ 34. Kxe3 Rb8 35. Rd2 Rb3+ 36. Ke2 Kf7 37. Kd1 Kg6 38. h4 Kh5 39. Kc2 Rh3 40. Rd7 Kg6 41. Rd4 Kh5 42. Ra4 g6 43. Rxa5 Kxh4 44. b4 Kg4 45. a4 Kf4 46. Rc5 h5 47. gxh6 g5 48. b5 Rxh6 49. a5 g4 50. b6 g3 51. b7 1-0

[Event "Chessable Masters Div 1 W"]
[Site "chess.com INT"]
[Date "2024.02.07"]
[Round "4.4"]
[White "Alireza Firouzja"]
[Black "Magnus Carlsen"]
[Result "1/2-1/2"]
[EventDate "2024.02.02"]
[WhiteElo "2760"]
[BlackElo "2830"]
[PlyCount "82"]

1. e4 c5 2. Nf3 d6 3. d4 cxd4 4. Nxd4 Nf6 5. Nc3 g6 6. f3 Nc6 7. Be3 h5 8. Bc4 Bd7 9. Qd2 Nxd4 10. Bxd4 Bh6 11. Be3 Bxe3 12. Qxe3 Rc8 13. Bb3 Qa5 14. O-O-O Qc5 15. Rhe1 b5 16. e5 Qxe3+ 17. Rxe3 dxe5 18. Rxe5 a6 19. a4 Rb8 20. axb5 axb5 21. Nd5 Nxd5 22. Rexd5 Rb7 23. Kd2 e6 24. Rd4 h4 25. Kc3 Ke7 26. Kb4 g5 27. Ra1 Bc6 28. Rd3 Rd7 29. Rxd7+ Bxd7 30. c4 bxc4 31. Bxc4 h3 32. g3 Bc6 33. Rf1 Kd6 34. Kc3 Rc8 35. f4 Bg2 36. Rf2 g4 37. Rd2+ Bd5 38. b3 Ra8 39. f5 Ra1 40. fxe6 fxe6 41. Be2 1/2-1/2

[Event "Chessable Masters Div 1 W"]
[Site "chess.com INT"]
[Date "2024.02.07"]
[Round "5.1"]
[White "Magnus Carlsen"]
[Black "Alireza Firouzja"]
[Result "1-0"]
[EventDate "2024.02.02"]
[WhiteElo "2830"]
[BlackElo "2760"]
[PlyCount "96"]

1. d4 Nf6 2. Bg5 d5 3. e3 c5 4. Nd2 Nc6 5. c3 cxd4 6. exd4 h6 7. Bh4 Bf5 8. Ngf3 e6 9. Be2 Bd6 10. O-O Qc7 11. Bg3 Bxg3 12. hxg3 h5 13. Re1 g6 14. Nf1 Ng4 15. Qd2 O-O-O 16. b4 Kb8 17. a4 f6 18. Nh4 g5 19. Nxf5 exf5 20. Bd3 Ne7 21. f3 Nh6 22. Re6 Rhf8 23. Rae1 Nc8 24. a5 Nd6 25. a6 b6 26. Ne3 Qd7 27. Nxd5 Ne4 28. Rxb6+ axb6 29. fxe4 Ka7 30. b5 fxe4 31. Bxe4 Qxb5 32. c4 Qa5 33. Nb4 Rc8 34. Nc6+ Rxc6 35. Qxa5 bxa5 36. Bxc6 Nf5 37. d5 Kxa6 38. c5 Rd8 39. Re6 Nd4 40. Ba4+ Ka7 41. Re7+ Kb8 42. d6 Rc8 43. Re4 Nf5 44. Kf2 Rxc5 45. Re8+ Kb7 46. d7 Rd5 47. d8=Q Rxd8 48. Rxd8 1-0

[Event "Chessable Masters Div 1 W"]
[Site "chess.com INT"]
[Date "2024.02.07"]
[Round "5.2"]
[White "Alireza Firouzja"]
[Black "Magnus Carlsen"]
[Result "0-1"]
[EventDate "2024.02.02"]
[WhiteElo "2760"]
[BlackElo "2830"]
[PlyCount "78"]

1. e4 e5 2. Nf3 Nc6 3. Bc4 Nf6 4. d3 Bc5 5. Bg5 h6 6. Bh4 Be7 7. Bg3 d6 8. a4 a5 9. O-O O-O 10. Re1 g6 11. h3 Re8 12. Nc3 Bf8 13. Bh4 Bg7 14. Nd5 Be6 15. c3 Bxd5 16. Bxd5 g5 17. Bxc6 bxc6 18. Bg3 Rb8 19. Qc2 Nh5 20. Bh2 Nf4 21. d4 Qf6 22. dxe5 dxe5 23. Nd2 Qe6 24. b3 Bf8 25. Nc4 Bc5 26. Nxa5 g4 27. h4 Nh5 28. Kh1 Qf6 29. Bg3 Nxg3+ 30. fxg3 Qf2 31. Qxf2 Bxf2 32. Reb1 f5 33. b4 Rbd8 34. Nxc6 Rd6 35. b5 fxe4 36. Rb4 e3 37. Re4 Rd2 38. Rf1 Rf8 39. Kh2 e2 0-1

[Event "Chessable Masters Div 1 W"]
[Site "chess.com INT"]
[Date "2024.02.05"]
[Round "53.2"]
[White "Alireza Firouzja"]
[Black "Ian Nepomniachtchi"]
[Result "1/2-1/2"]
[EventDate "2024.02.02"]
[WhiteElo "2825"]
[BlackElo "2811"]
[PlyCount "72"]

1. Nc3 Nf6 2. d4 d5 3. Bf4 c6 4. e3 Nbd7 5. g4 Qb6 6. Rb1 g6 7. Bg2 Bg7 8. h3 O-O 9. Nf3 Qa6 10. Qd3 b6 11. Ne5 Nxe5 12. Bxe5 Ne8 13. b4 e6 14. g5 Bxe5 15. dxe5 Nc7 16. h4 Qxd3 17. cxd3 a5 18. h5 Bd7 19. bxa5 b5 20. Rb4 gxh5 21. Rxh5 Kg7 22. Ne2 Rxa5 23. Ng3 Rxa2 24. Rh6 Rh8 25. Nh5+ Kf8 26. Nf6 Ke7 27. Rbh4 Be8 28. Rxh7 Rxh7 29. Rxh7 b4 30. Nxe8 b3 31. Nd6 b2 32. Rxf7+ Kd8 33. Rf8+ Kd7 34. Rf7+ Kd8 35. Rf8+ Kd7 36. Rf7+ Kd8 1/2-1/2

[Event "Chessable Masters Div 1 W"]
[Site "chess.com INT"]
[Date "2024.02.05"]
[Round "53.3"]
[White "Ian Nepomniachtchi"]
[Black "Alireza Firouzja"]
[Result "1/2-1/2"]
[EventDate "2024.02.02"]
[WhiteElo "2811"]
[BlackElo "2825"]
[PlyCount "128"]

1. e4 e5 2. Nf3 Nc6 3. Bb5 Nf6 4. d3 Bc5 5. c3 O-O 6. O-O d5 7. Nbd2 dxe4 8. dxe4 a5 9. Qc2 Qe7 10. Re1 h6 11. h3 Nb8 12. a4 c6 13. Bf1 Qc7 14. Nh4 Be6 15. Nc4 Nbd7 16. Nf5 Bxf5 17. exf5 e4 18. Rb1 b5 19. Ne3 bxa4 20. Qxa4 Ne5 21. Rd1 Rfd8 22. Ra1 Rxd1 23. Qxd1 Rd8 24. Qa4 Bb6 25. Be2 Nd3 26. Bxd3 Rxd3 27. Qc2 Qd7 28. Qe2 Nd5 29. Ng4 Qxf5 30. Bxh6 Qe6 31. Bg5 f6 32. Be3 Nxe3 33. Nxe3 Bxe3 34. fxe3 Qd5 35. b4 axb4 36. cxb4 Qg5 37. Re1 Qg3 38. Kh1 g6 39. Rf1 Kg7 40. Qb2 Qd6 41. Qa1 g5 42. Qe1 Kg6 43. Qf2 Rd1 44. Qf5+ Kg7 45. Rg1 Rxg1+ 46. Kxg1 Qxb4 47. Qd7+ Kg6 48. Qe8+ Kg7 49. Qd7+ Kg6 50. Kh2 Qc4 51. Qe8+ Kg7 52. Qe7+ Kg6 53. Qe8+ Kg7 54. Qd7+ Kg6 55. h4 gxh4 56. Kh3 Qd5 57. Qe8+ Kg7 58. Qe7+ Kg6 59. Qe8+ Kg7 60. Qc8 Kg6 61. Qg4+ Qg5 62. Qxe4+ Qf5+ 63. Qxf5+ Kxf5 64. Kxh4 Ke4 1/2-1/2

[Event "Chessable Masters Div 1 W"]
[Site "chess.com INT"]
[Date "2024.02.05"]
[Round "54.1"]
[White "Alireza Firouzja"]
[Black "Denis Lazavik"]
[Result "1-0"]
[EventDate "2024.02.02"]
[WhiteElo "2825"]
[BlackElo "2788"]
[PlyCount "120"]

1. e4 e5 2. Nf3 Nc6 3. Bc4 Bc5 4. d3 Nf6 5. h3 d6 6. c3 a6 7. Nbd2 Ba7 8. Bb3 O-O 9. Nf1 Be6 10. Bc2 d5 11. exd5 Bxd5 12. Ng3 Re8 13. O-O e4 14. dxe4 Nxe4 15. Bf4 Nxg3 16. Bxg3 Bb6 17. Re1 Rxe1+ 18. Qxe1 Qf6 19. Qe2 Bxf3 20. gxf3 g6 21. Re1 Rd8 22. Kg2 Kg7 23. Ba4 Rd7 24. Qe8 Rd8 25. Qe4 Rd7 26. Bh4 Qf5 27. Qxf5 gxf5 28. Bxc6 bxc6 29. Bg5 f6 30. Bf4 Kf7 31. Kf1 Rd3 32. Ke2 Rd8 33. Rd1 Rxd1 34. Kxd1 Bxf2 35. Bxc7 Ke6 36. Ke2 Bc5 37. Kd3 Kd5 38. b4 Bf2 39. c4+ Ke6 40. Kc3 Be1+ 41. Kb3 Kd7 42. Bf4 Kc8 43. Be3 Bg3 44. a4 Kb7 45. b5 cxb5 46. cxb5 axb5 47. axb5 Kc7 48. Kc4 Kd6 49. Bc5+ Ke6 50. b6 Kd7 51. Kd5 Bf4 52. Bd4 Bg5 53. Bc5 Bf4 54. b7 Kc7 55. Bd6+ Bxd6 56. b8=Q+ Kxb8 57. Kxd6 Kb7 58. Ke6 Kc6 59. Kxf5 Kd6 60. Kxf6 1-0

[Event "Chessable Masters Div 1 W"]
[Site "chess.com INT"]
[Date "2024.02.05"]
[Round "54.2"]
[White "Denis Lazavik"]
[Black "Alireza Firouzja"]
[Result "1/2-1/2"]
[EventDate "2024.02.02"]
[WhiteElo "2781"]
[BlackElo "2832"]
[PlyCount "156"]

1. d4 Nf6 2. c4 e6 3. Nc3 Bb4 4. e3 O-O 5. Bd3 c5 6. Ne2 d5 7. cxd5 cxd4 8. exd4 Nxd5 9. O-O Nc6 10. Bc2 Be7 11. Qd3 g6 12. a3 b6 13. Bh6 Re8 14. Qf3 Bb7 15. Be4 Na5 16. Rac1 Bg5 17. Bxg5 Qxg5 18. Nxd5 exd5 19. Rc7 Re7 20. Rxe7 Qxe7 21. Bxd5 Bxd5 22. Qxd5 Rd8 23. Qb5 Qe4 24. Rd1 Rc8 25. Nc3 Qc2 26. Re1 Qd2 27. Re8+ Rxe8 28. Qxe8+ Kg7 29. Qe5+ Kg8 30. h4 Nc4 31. Qf6 Qxb2 32. Nd5 Qb1+ 33. Kh2 Qe4 34. Ne7+ Kf8 35. Nc6 Kg8 36. Nxa7 Nxa3 37. Nc8 Nc4 38. d5 b5 39. d6 Qe5+ 40. Qxe5 Nxe5 41. Nb6 b4 42. f4 Ng4+ 43. Kg3 Nf6 44. d7 Nxd7 45. Nxd7 b3 46. Nf6+ Kg7 47. Ne4 b2 48. Nc3 Kf6 49. Kf3 h5 50. Ke4 Ke6 51. f5+ Kf6 52. Kf4 gxf5 53. g3 Ke6 54. Nb1 Kf6 55. Nc3 Ke6 56. Kg5 Ke5 57. Kxh5 Kd4 58. Nb1 Kd3 59. Kg5 Kc2 60. Na3+ Kb3 61. Nb1 Kc2 62. h5 Kxb1 63. h6 Ka2 64. h7 b1=Q 65. h8=Q Qe4 66. Qc3 Qg4+ 67. Kf6 Qg6+ 68. Ke7 Qe6+ 69. Kf8 Kb1 70. Qc7 Kb2 71. Qe7 Qg6 72. Qe5+ Kc2 73. Ke7 Kd3 74. Qf4 Qe6+ 75. Kf8 Qg6 76. Ke7 Qe6+ 77. Kf8 Qg6 78. Ke7 1/2-1/2

[Event "Chessable Masters Div 1 W"]
[Site "chess.com INT"]
[Date "2024.02.02"]
[Round "1.2"]
[White "Alireza Firouzja"]
[Black "Vladimir Fedoseev"]
[Result "0-1"]
[EventDate "2024.02.02"]
[WhiteElo "2760"]
[BlackElo "2690"]
[PlyCount "102"]

1. e4 c6 2. d4 d5 3. e5 c5 4. Nf3 cxd4 5. Qxd4 Nc6 6. Qf4 g6 7. Nc3 d4 8. Nb5 Bh6 9. Qh4 Bxc1 10. Rxc1 a6 11. Nbxd4 Nxe5 12. Be2 Qa5+ 13. c3 Nf6 14. O-O Nxf3+ 15. Nxf3 Qxa2 16. Rfe1 O-O 17. Qb4 Nd5 18. Qd4 e6 19. c4 Nb4 20. Ng5 h6 21. Ne4 Nc6 22. Nf6+ Kh8 23. Qh4 Kg7 24. Ng4 h5 25. Qf6+ Kh7 26. Bd3 hxg4 27. Bxg6+ fxg6 28. Qxf8 Qxb2 29. Rcd1 Qg7 30. Qe8 Qe7 31. Qxe7+ Nxe7 32. Rd8 Kg7 33. c5 Nc6 34. Re8 a5 35. h4 gxh3 36. gxh3 a4 37. R1xe6 Bxe6 38. Rxa8 Bb3 39. f4 Kf6 40. Kf2 Ke6 41. h4 Nd4 42. Ra7 Kd5 43. Rxb7 Kxc5 44. Ke3 Nf5+ 45. Kd2 Nxh4 46. Kc3 Ng2 47. Rb4 Ne3 48. Re4 Nd1+ 49. Kd2 a3 50. Re5+ Kb4 51. Re4+ Bc4 0-1

[Event "Chessable Masters Div 1 W"]
[Site "chess.com INT"]
[Date "2024.02.02"]
[Round "1.3"]
[White "Vladimir Fedoseev"]
[Black "Alireza Firouzja"]
[Result "1/2-1/2"]
[EventDate "2024.02.02"]
[WhiteElo "2690"]
[BlackElo "2760"]
[PlyCount "82"]

1. e4 e5 2. Nf3 Nc6 3. Bb5 Nf6 4. d3 Bc5 5. Bxc6 dxc6 6. O-O Bg4 7. h3 Bh5 8. Be3 Nd7 9. Bxc5 Nxc5 10. g4 Bg6 11. Nxe5 Qd4 12. Nc3 Qxe5 13. d4 Qf4 14. dxc5 h5 15. Kg2 Bxe4+ 16. Nxe4 Qxe4+ 17. f3 Qc4 18. Re1+ Kf8 19. Qd2 Qxc5 20. Rad1 Kg8 21. b4 Qc4 22. Re7 Rh6 23. Rde1 Rd6 24. Qg5 Qxc2+ 25. R1e2 Qg6 26. Qxg6 Rxg6 27. Rxc7 f5 28. Kg3 hxg4 29. hxg4 fxg4 30. fxg4 Rd8 31. Rxb7 Rd3+ 32. Kf4 Rd4+ 33. Re4 Rxg4+ 34. Kxg4 Rxe4+ 35. Kf5 Rc4 36. a3 a5 37. bxa5 Ra4 38. Kg6 Rg4+ 39. Kf5 Ra4 40. Kg6 Rg4+ 41. Kf5 Ra4 1/2-1/2

[Event "Chessable Masters Div 1 W"]
[Site "chess.com INT"]
[Date "2024.02.02"]
[Round "1.4"]
[White "Alireza Firouzja"]
[Black "Vladimir Fedoseev"]
[Result "0-1"]
[EventDate "2024.02.02"]
[WhiteElo "2760"]
[BlackElo "2690"]
[PlyCount "130"]

1. e4 e5 2. Nf3 Nc6 3. Bb5 Nf6 4. d3 d6 5. O-O a6 6. Bxc6+ bxc6 7. d4 exd4 8. Nxd4 c5 9. Nc6 Qd7 10. Na5 Qa4 11. Bd2 Be7 12. Re1 Be6 13. b3 Qd7 14. c4 O-O 15. Nc3 c6 16. Na4 Rab8 17. Bc3 Ne8 18. Qf3 f6 19. Qg3 Qc7 20. Rad1 Rf7 21. h3 Rc8 22. Rd2 Bf8 23. a3 f5 24. exf5 Bxf5 25. b4 Nf6 26. bxc5 dxc5 27. Qxc7 Rfxc7 28. Rb2 Ne4 29. Be5 Re7 30. Bf4 g5 31. Be3 Bg7 32. Rb6 Re6 33. Rxa6 Bd4 34. Nb3 Rd8 35. Bxd4 cxd4 36. f3 Nc5 37. Rxe6 Nxe6 38. Rxc6 Nf4 39. Nac5 d3 40. Nd2 Rb8 41. Ncb3 Re8 42. Rc5 Re1+ 43. Kh2 Bg6 44. Rxg5 Kf7 45. Kg3 Ne6 46. Rd5 Ng7 47. c5 Nh5+ 48. Kh4 Nf4 49. Rd7+ Ke8 50. Rd4 Nxg2+ 51. Kg5 Re5+ 52. Kf6 Rf5+ 53. Kg7 Nf4 54. Re4+ Kd7 55. Rd4+ Kc7 56. Rd6 Nxh3 57. Ra6 Ng5 58. Ra7+ Kb8 59. Re7 Nxf3 60. Nxf3 Rxf3 61. c6 Rf2 62. Nc5 d2 63. Na6+ Ka8 64. Rd7 Rf7+ 65. Rxf7 Bxf7 0-1

[Event "Rouen Open"]
[Site "Rouen FRA"]
[Date "2023.12.29"]
[Round "7"]
[White "Kamran Shirazi"]
[Black "Alireza Firouzja"]
[Result "0-1"]
[EventDate "2023.12.18"]
[WhiteElo "2275"]
[BlackElo "2763"]
[PlyCount "78"]

1. e4 c5 2. b4 cxb4 3. a3 e5 4. Nf3 Nc6 5. Bb2 Qb6 6. Nxe5 bxa3 7. Bc3 Nf6 8. Nc4 Qd8 9. Qf3 d6 10. Bxf6 gxf6 11. Nbxa3 Bg7 12. c3 O-O 13. Be2 f5 14. Ne3 Ne5 15. Qh5 fxe4 16. Nf5 Bxf5 17. Qxf5 d5 18. O-O Nc6 19. Rfb1 b6 20. Ba6 Ne7 21. Qg4 Ng6 22. Qf5 Re8 23. g3 Re5 24. Qh3 Qg5 25. d4 Rf5 26. Nc2 Nf4 27. Qf1 Qg4 28. Ne1 Nh3+ 29. Kg2 Rxf2+ 30. Qxf2 Nxf2 31. Kxf2 Bh6 32. Rb2 Rd8 33. Kg2 Rd6 34. Rf2 Be3 35. Re2 Rh6 36. Kh1 Qxg3 37. Nc2 Bf2 38. Rxf2 Qxf2 39. Rg1+ Rg6 0-1